<?xml version="1.0" encoding="UTF-8"?>
<record
    xmlns:xsi="http://www.w3.org/2001/XMLSchema-instance"
    xsi:schemaLocation="http://www.loc.gov/MARC21/slim http://www.loc.gov/standards/marcxml/schema/MARC21slim.xsd"
    xmlns="http://www.loc.gov/MARC21/slim">

  <leader>00969nam a22002417a 4500</leader>
  <controlfield tag="003">SEM</controlfield>
  <controlfield tag="005">20260618154905.0</controlfield>
  <controlfield tag="008">260615s1985    ai ||||gr||||||01|||arm|d</controlfield>
  <datafield tag="040" ind1=" " ind2=" ">
    <subfield code="a">SEM</subfield>
    <subfield code="c">SEM</subfield>
  </datafield>
  <datafield tag="041" ind1=" " ind2=" ">
    <subfield code="a">arm</subfield>
    <subfield code="h">rus</subfield>
  </datafield>
  <datafield tag="080" ind1=" " ind2=" ">
    <subfield code="a">882-3/&#x533;-91</subfield>
  </datafield>
  <datafield tag="100" ind1=" " ind2=" ">
    <subfield code="a">&#x533;&#x580;&#x56B;&#x576;, &#x531;&#x56C;&#x565;&#x584;&#x57D;&#x561;&#x576;&#x564;&#x580; &#x54D;.</subfield>
  </datafield>
  <datafield tag="245" ind1=" " ind2=" ">
    <subfield code="a">&#x547;&#x578;&#x572;&#x577;&#x578;&#x572;&#x578;&#x582;&#x576; &#x561;&#x577;&#x56D;&#x561;&#x580;&#x570; : &#x531;&#x56C;&#x56B;&#x584;&#x576;&#x565;&#x580;&#x56B; &#x57E;&#x580;&#x561;&#x575;&#x578;&#x57E; &#x57E;&#x561;&#x566;&#x578;&#x572;&#x568; :</subfield>
    <subfield code="b">&#x54E;&#x565;&#x57A;&#x565;&#x580; /</subfield>
    <subfield code="c">&#x531;. &#x533;&#x580;&#x56B;&#x576; ; &#x539;&#x561;&#x580;&#x563;&#x574;.&#x55D; &#x54E;. &#x534;&#x561;&#x576;&#x56B;&#x565;&#x56C;&#x575;&#x561;&#x576; ; &#x53D;&#x574;&#x562;.&#x55D; &#x54B;. &#x542;&#x561;&#x566;&#x561;&#x580;&#x575;&#x561;&#x576; </subfield>
  </datafield>
  <datafield tag="260" ind1=" " ind2=" ">
    <subfield code="a">&#x535;&#x580;&#x587;&#x561;&#x576; :</subfield>
    <subfield code="b">&#x54D;&#x578;&#x57E;&#x565;&#x57F;. &#x563;&#x580;&#x578;&#x572;,</subfield>
    <subfield code="c">1985.</subfield>
  </datafield>
  <datafield tag="300" ind1=" " ind2=" ">
    <subfield code="a">447 &#x567;&#x57B; ;</subfield>
    <subfield code="b">&#x576;&#x56F;. ;</subfield>
    <subfield code="c">20 &#x57D;&#x574;</subfield>
  </datafield>
  <datafield tag="490" ind1=" " ind2=" ">
    <subfield code="a">&#x531;&#x580;&#x56F;&#x561;&#x56E;&#x561;&#x575;&#x56B;&#x576; &#x563;&#x580;&#x561;&#x564;&#x561;&#x580;&#x561;&#x576;</subfield>
  </datafield>
  <datafield tag="650" ind1=" " ind2=" ">
    <subfield code="a">&#x54C;&#x578;&#x582;&#x57D; &#x563;&#x580;&#x561;&#x56F;&#x561;&#x576;&#x578;&#x582;&#x569;&#x575;&#x578;&#x582;&#x576;</subfield>
    <subfield code="x">&#x561;&#x580;&#x571;&#x561;&#x56F;</subfield>
  </datafield>
  <datafield tag="653" ind1=" " ind2=" ">
    <subfield code="a">&#x54D;&#x537;&#x544;</subfield>
  </datafield>
  <datafield tag="700" ind1=" " ind2=" ">
    <subfield code="a">&#x534;&#x561;&#x576;&#x56B;&#x565;&#x56C;&#x575;&#x561;&#x576;, &#x54E;&#x56C;&#x561;&#x564;&#x56B;&#x574;&#x56B;&#x580; &#x533;&#x561;&#x56C;&#x578;&#x582;&#x57D;&#x57F;&#x56B; </subfield>
    <subfield code="e">&#x569;&#x561;&#x580;&#x563;&#x574;.</subfield>
    <subfield code="4">trl.</subfield>
  </datafield>
  <datafield tag="700" ind1=" " ind2=" ">
    <subfield code="a">&#x542;&#x561;&#x566;&#x561;&#x580;&#x575;&#x561;&#x576;, &#x54B;&#x578;&#x582;&#x56C;&#x56B;&#x565;&#x57F;&#x561; &#x544;&#x56B;&#x570;&#x580;&#x561;&#x576;&#x56B;</subfield>
    <subfield code="e">&#x56D;&#x574;&#x562;.</subfield>
    <subfield code="4">edt.</subfield>
  </datafield>
  <datafield tag="830" ind1=" " ind2=" ">
    <subfield code="a">&#x531;&#x580;&#x56F;&#x561;&#x56E;&#x561;&#x575;&#x56B;&#x576; &#x563;&#x580;&#x561;&#x564;&#x561;&#x580;&#x561;&#x576;</subfield>
  </datafield>
  <datafield tag="942" ind1=" " ind2=" ">
    <subfield code="2">udc</subfield>
    <subfield code="c">BK</subfield>
    <subfield code="n">0</subfield>
  </datafield>
  <datafield tag="999" ind1=" " ind2=" ">
    <subfield code="c">77300</subfield>
    <subfield code="d">77300</subfield>
  </datafield>
  <datafield tag="952" ind1=" " ind2=" ">
    <subfield code="0">0</subfield>
    <subfield code="1">0</subfield>
    <subfield code="2">udc</subfield>
    <subfield code="4">0</subfield>
    <subfield code="7">0</subfield>
    <subfield code="8">&#x533;&#x580;&#x561;&#x57A;&#x561;&#x570;&#x578;&#x581;</subfield>
    <subfield code="a">SEM</subfield>
    <subfield code="b">SEM</subfield>
    <subfield code="d">2026-06-15</subfield>
    <subfield code="g">1500.00</subfield>
    <subfield code="i">37538</subfield>
    <subfield code="l">0</subfield>
    <subfield code="o">882-3/&#x533;-91</subfield>
    <subfield code="p">37538</subfield>
    <subfield code="r">2026-06-15</subfield>
    <subfield code="w">2026-06-15</subfield>
    <subfield code="y">BK</subfield>
    <subfield code="z">&#x54D;&#x57A;&#x561;&#x57D;&#x561;&#x580;&#x56F;&#x57E;&#x578;&#x582;&#x574; &#x567; &#x568;&#x576;&#x569;&#x565;&#x580;&#x581;&#x561;&#x57D;&#x580;&#x561;&#x570;</subfield>
  </datafield>
</record>
